000 00798nam a2200265Ia 4500
003 GCL
008 140319s9999 xx 000 0 ara d
040 _aGCL /
_cGCL
082 0 4 _a370.11
_bح ب
100 1 _aحامد سعيد
245 1 0 _aبناء الانسان والتعليم /
_cحامد سعيد
260 _a[S.N] :
_bالهيئة المصرية العامة للكتاب ،
_c1988
300 _a153 ص
490 _aالمدرسة المصرية فى الفن والحياة
_v0
650 0 4 _aالعلم
650 0 4 _aالانسان
650 0 4 _aالتعليم
650 0 4 _aالتربية
650 0 4 _aالاخلاق
650 0 4 _aالاجتماع
650 0 4 _aالحرية
650 0 4 _aالعمل
650 0 4 _aالبناء الاجتماعى
942 _2ddc
_cBK
999 _c28495
_d28495